Normal view
MARC view
Entry Personal Name
001 - CONTROL NUMBER
- control field: 752738
003 - CONTROL NUMBER IDENTIFIER
- control field: OSt
005 - DATE AND TIME OF LATEST TRANSACTION
- control field: 20250422162426.0
008 - FIXED-LENGTH DATA ELEMENTS
- fixed length control field: 250422|| aca||aabn | a|a d
040 ## - CATALOGING SOURCE
- Original cataloging agency: OSt
- Transcribing agency: OSt
100 ## - HEADING--PERSONAL NAME
- Personal name: शर्मा, राजमणि
670 ## - SOURCE DATA FOUND
- Source citation: Work cat.: (OSt)1309287: शर्मा, राजमणि , हिन्दी साहित्येतिहास के कुछेक ज्वलंत प्रश्न , 2018.
